| 000 | 00373nam a2200157Ia 4500 | ||
|---|---|---|---|
| 008 | 230917s9999||||xx |||||||||||||| ||und|| | ||
| 040 |
_e58699 _aMAIN |
||
| 041 | _aEnglish | ||
| 082 | _a657.45 D441A | ||
| 100 | _aPaula, F C De | ||
| 245 | 0 | _aAuditing: Principles and practice | |
| 250 | _a15th ed. | ||
| 260 |
_aLondon _bELBS _c1976 |
||
| 300 | _a274 p. | ||
| 942 | _cBK | ||
| 999 |
_c211108 _d211108 |
||